1705 1074 1785 1112 1487 1840 1094 1653 1232 1905 1165 1275 1992 1533 1002 1431 1267 1052 1897 1802 1572 1478 1579 1297 1034 1884 1167 1075 1435 1859 1641 1146 1796 1960 1364 1075 1403 1603 1684 1795 1101 1919 1837 1428 1602 1710 1577 1151 1055 1065 1873 1354 1695 1258 1857 1097 1730 1227 1010 1838 1941 1856 1405 1891 1117 1879 1096 1265 1189 1169 1575 1004 1283 1872 1886 1906 1257 1344 1768 1122 1190 1875 1233 1078 1662 1469 1515 1542 1704 1091 1123 1416 1759 1043 1996 1411 1165 1473 1425 BCNSPRNW ULIB Ver.6.0+V

เปลี่ยนเป็นภาษาไทย

Change to English
 แสดงรายละเอียดบรรณานุกรม
  กลับหน้าหลัก

Brief Record : Get Marc (ISO 2709) : E-mail record : QR code < ปิดหน้าต่าง
LEADER : 00000nam 2200000uu 4500
001    13399124466
003     ULIB
008    150726s2557||||th 000 0 tha d
020    ^a9789746758215
060 04 ^aWY100.4^bว641ก
100 0  ^aวิพร เสนารักษ์
245 10 ^aการวินิจฉัยการพยาบาล /^cวิพร เสนารักษ์
250    ^aพิมพ์ครั้งที่ 18
260    ^aขอนแก่น :^bภาควิชาการพยาบาลอายุรศาสตร์และศัลยศาสตร์คณะแพทยศาสตร์ มหาวิทยาลัยขอนแก่น,^c2557
300    ^a253 หน้า ;^c27 ซม.
650  7 ^aการพยาบาล
653    ^aการวินิจฉัยทางการพยาบาล
710 2  ^aมหาวิทยาลัยขอนแก่น.^bภาควิชาการพยาบาลอายุรศาสตร์และศัลยศาสตร์
945    ^p200^l0^i039730
945    ^p200^l0^i039731
945    ^p200^l0^i039732
945    ^p200^l0^i039733
945    ^p200^l0^i039734
945    ^p200^l0^i039735
945    ^p200^l0^i039736
945    ^p200^l0^i039737
945    ^p200^l0^i039738
945    ^p200^l0^i039739
999    ^aเกษร โพธิ์สุวรรณ
รายการนี้ยังไม่มีแท็ก
คุณยังไม่ได้ล็อกอิน คุณสามารถมีกิจกรรมร่วมกับเว็บไซต์ได้ แต่ต้องล็อกอินก่อน ::
  ล็อกอิน

รายการสื่อสารสนเทศ

ลำดับที่ ประเภท เลขเรียก/บาร์โค้ด สถานที่ สถานะ
1. Book การพยาบาล
Book การพยาบาล
สถานะ=หนังสือเก่า
WY100.4 ว641ก ฉ.1 
  Barcode: 039730
ห้องสมุดวิทยาเขตสวรรค์ประชารักษ์
►ส่วนจัดเก็บหนังสือเก่า สปร
บนชั้น
  ขอยืม
2. Book การพยาบาล
Book การพยาบาล
สถานะ=หนังสือเก่า
WY100.4 ว641ก ฉ.10 
  Barcode: 039739
ห้องสมุดวิทยาเขตสวรรค์ประชารักษ์
►ส่วนจัดเก็บหนังสือเก่า สปร
บนชั้น
  ขอยืม
3. Book การพยาบาล
Book การพยาบาล
สถานะ=หนังสือเก่า
WY100.4 ว641ก ฉ.2 
  Barcode: 039731
ห้องสมุดวิทยาเขตสวรรค์ประชารักษ์
►ส่วนจัดเก็บหนังสือเก่า สปร
บนชั้น
  ขอยืม
4. Book การพยาบาล
Book การพยาบาล
สถานะ=หนังสือเก่า
WY100.4 ว641ก ฉ.3 
  Barcode: 039732
ห้องสมุดวิทยาเขตสวรรค์ประชารักษ์
►ส่วนจัดเก็บหนังสือเก่า สปร
บนชั้น
  ขอยืม
5. Book การพยาบาล
Book การพยาบาล
สถานะ=หนังสือเก่า
WY100.4 ว641ก ฉ.4 
  Barcode: 039733
ห้องสมุดวิทยาเขตสวรรค์ประชารักษ์
►ส่วนจัดเก็บหนังสือเก่า สปร
บนชั้น
  ขอยืม
6. Book การพยาบาล
Book การพยาบาล
WY100.4 ว641ก ฉ.5 
  Barcode: 039734
ห้องสมุดวิทยาเขตสวรรค์ประชารักษ์
►หนังสือทั่วไป
บนชั้น
7. Book การพยาบาล
Book การพยาบาล
สถานะ=หนังสือเก่า
WY100.4 ว641ก ฉ.6 
  Barcode: 039735
ห้องสมุดวิทยาเขตสวรรค์ประชารักษ์
►ส่วนจัดเก็บหนังสือเก่า สปร
บนชั้น
  ขอยืม
8. Book การพยาบาล
Book การพยาบาล
สถานะ=หนังสือเก่า
WY100.4 ว641ก ฉ.7 
  Barcode: 039736
ห้องสมุดวิทยาเขตสวรรค์ประชารักษ์
►ส่วนจัดเก็บหนังสือเก่า สปร
บนชั้น
  ขอยืม
9. Book การพยาบาล
Book การพยาบาล
สถานะ=หนังสือเก่า
WY100.4 ว641ก ฉ.8 
  Barcode: 039737
ห้องสมุดวิทยาเขตสวรรค์ประชารักษ์
►ส่วนจัดเก็บหนังสือเก่า สปร
บนชั้น
  ขอยืม
10. Book การพยาบาล
Book การพยาบาล
สถานะ=หนังสือเก่า
WY100.4 ว641ก ฉ.9 
  Barcode: 039738
ห้องสมุดวิทยาเขตสวรรค์ประชารักษ์
►ส่วนจัดเก็บหนังสือเก่า สปร
บนชั้น
  ขอยืม

รายการใกล้เคียง
    ผู้แต่ง [วิพร เสนารักษ์]

    หัวเรื่อง [การพยาบาล]

BibComment


ยังไม่เคยถูกคอมเมนท์

คอมเมนท์ทรัพยากรรายการนี้
  คอมเมนท์: การวินิจฉัยการพย..


 Copyright 2026. Bcnsprnw @Library